000 00521cam a2200193ua 4500
001 1466
008 110712n ii |||gr||||Z||||||eng
020 _a81-903834-5-5
040 _cMAIN
082 _a330.954162
100 _aDaimari, Prasen,
_eAuthor.
245 1 _astructure of the rural economy of BTAD
_cby Prasen Daimari
250 _a1st.
260 _aGuahati:
_bEBH Publishers (India),
_c2008.
300 _aiii; 250p:
_c23cm.
653 _aeconomics
653 _aStructure of the economy of BTAD
942 _cBK
999 _c1355
_d1355